| 000 | 01146nam a22003257a 4500 | ||
|---|---|---|---|
| 003 | CHAP | ||
| 005 | 20220329140819.0 | ||
| 008 | 971013s1942 r 00010 d | ||
| 010 | _a58048 | ||
| 011 | _a59020 | ||
| 035 | _a63177 | ||
| 040 | _cCHAP | ||
| 082 |
_a630.71 _bS85 |
||
| 100 | 0 | 0 |
_aStimson, Rufus W. _ecomp. _9109810 |
| 245 | _aHistory of agricultural education of less than College Grade in the United States | ||
| 260 |
_aWashington : _bOffice of Education, _c1942 |
||
| 300 | _a648 p. | ||
| 490 |
_aVocational division bulletin _v; 217 : Agriculture series; 55 |
||
| 590 |
_aBATCH-UPD _b10 _c20130110 _lUCH01 _h0315 |
||
| 590 |
_aBATCH-UPD _b10 _c20130110 _lUCH01 _h2347 |
||
| 590 |
_aBATCH-UPD _b10 _c20130409 _lUCH01 _h2348 |
||
| 590 |
_aBATCH-UPD _b10 _c20130914 _lUCH01 _h1241 |
||
| 590 |
_aCONVERSION _b10 _c20130109 _lUCH01 _h1331 |
||
| 650 | 1 | 4 |
_aEducación agrÃcola _xE.U.A. _935513 |
| 700 | 0 |
_aLathrop, Frank W. _ecomp. _965067 |
|
| 830 | 0 |
_aVocational division bulletin _v; 217 : Agriculture series; 55 _9120572 |
|
| 901 | _aBK | ||
| 942 | _cLIBRO | ||
| 949 |
_a630.71 S85 _bBC _cLIBRO _d33724000555314 _eLIBRO _h67580 _i63177 _mD _si |
||
| 999 |
_c58048 _d58048 |
||